000 00429nam a2200181Ia 4500
001 1662
005 20260306143744.0
008 260306t2016||||xx |||||||||||||| ||spa||
041 _aESP
082 _a153.93
_bB24
100 _aBarrio Gándara, Victoria del
_eAUT
245 0 _aEvaluación psicológica
260 _c2016
300 _a406 páginas :
_c24 cm.
650 _aGEN
654 _aCPS
942 _cLIB
_dJUS
_fJUS
_2ddc
_n
999 _c1662
_d1662